Statistics for Famous Swords

Click here to take the quiz!

General Stats

  • This quiz has been taken 49 times
  • The average score is 2 of 15

Answer Stats

Hint Answer % Correct
Pulled from the stone by King ArthurExcalibur
98%
Belonged to the French paladin RolandDurendal
20%
It dangles from a single hairDamocles
18%
King Charlemagne's personal swordJoyeuse
9%
Stolen from Arthur by MordredClarent
7%
The swords of El Cid CampeadorColada and Tizona
7%
Forged by the dwarves Dvalinn and DurinTyrfing
4%
Owned by Cuhullin of the Ulster CycleFragarach
4%
Broken by Beowulf's great strengthNaegling
2%
Wielded in Spain by the Emir of DamascusPr├ęcieuse
2%
The best of all swords in the northern landsSkofnung
2%
Carried by the Caliph AliZulfiqar
2%
The sword that defeated the dragon FafnirGram
2%
Part of the Imperial Regalia of JapanKusanagi
2%
Symbolically broken sword of BritainSword of Mercy
2%

Score Distribution

Percentile by Number Answered

Percent of People with Each Score

Your Score History

You have not taken this quiz